ბათუმის შოთა რუსთაველის სახელმწიფო უნივერსიტეტის ბიბლიოთეკა

განათლება ძველ რომში / (ბიბ.ჩანაწერი № 58541)

000 -ლიდერი
ფიქსირებული სიგრძის საკონტროლო ველი 02090nam a22002537a 4500
003 - საკონტროლო ნომრის იდენტიფიკატორი
საკონტროლო ველი Ge_BSU
005 - ბოლო ოპერაციის თარიღი და დრო
საკონტროლო ველი 20220531132430.0
008 - ფიქსირებული სიგრძის მონაცემთა ელემენტები - ზოგადი ინფორმაცია
ფიქსირებული სიგრძის საკონტროლო ველი 220531s2018 ge ||||| |||| 00| 0 geo d
020 ## - წიგნის საერთაშორისო სტანდარტული ნომერი
International Standard Book Number 9789941468650
041 ## - ენის კოდი
Language code of text/sound track or separate title geo
080 ## - უნივერსალური ათობითი კლასიფიკაციის ინდექსი
Universal Decimal Classification number 37(37) გ-20
245 ## - ცნობა სათაურის შესახებ
Title განათლება ძველ რომში /
Statement of responsibility, etc იამზე გაგუა, ქეთევან გარდაფხაძე, თამარ თარხნიშვილი, მანანა ფხაკაძე ; რედაქტორი თამარ ჭეიშვილი ; გარეკანის დიზაინერი ალექსანდრე ჯიქურიძე ; ივანე ჯავახიშვილის სახ. თბილისის სახელმწ. უნ-ტი, კლასიკური ფილოლოგიის, ბიზანტინისტიკისა და ნეოგრეცისტიკის ინ-ტი.
264 ## - წარმოების, გამოცემის, დისტრიბუციის და სხვა ცნობები
გამოცემის, წარმოების, დისტრიბუციის... ადგილი თბილისი :
გამოცემის, წარმოების, დისტრიბუციის... სახელწოდება ლოგოსი,
გამოცემის, წარმოების, დისტრიბუციის... თარიღი 2018.
300 ## - ფიზიკური აღწერა
Extent 180 გვ. ;
Other physical details 20 სმ.
501 ## - შენიშვნა თანმხლებ მასალაზე
With note სახელთა საძიებელი: გვ. 176-179.
653 ## - INDEX TERM--UNCONTROLLED
Uncontrolled term განათლება ძველ რომში.
700 ## - ADDED ENTRY--PERSONAL NAME
Personal name გაგუა, იამზე
Relator term ავტორი
9 (RLIN) 13897
700 ## - ADDED ENTRY--PERSONAL NAME
Personal name გარდაფხაძე, ქეთევან
Relator term ავტორი
9 (RLIN) 13898
700 ## - ADDED ENTRY--PERSONAL NAME
Personal name თარხნიშვილი, თამარ
Relator term ავტორი
9 (RLIN) 13899
700 ## - ADDED ENTRY--PERSONAL NAME
Personal name ფხაკაძე, მანანა
Relator term ავტორი
9 (RLIN) 8375
700 ## - ADDED ENTRY--PERSONAL NAME
Personal name ჯიქურიძე, ალექსანდრე
Relator term გარეკანის დიზაინერი
9 (RLIN) 13900
710 ## - ADDED ENTRY--CORPORATE NAME
Corporate name or jurisdiction name as entry element ივანე ჯავახიშვილის სახ. თბილისის სახელმწ. უნ-ტი.
Subordinate unit კლასიკური ფილოლოგიის, ბიზანტინისტიკისა და ნეოგრეცისტიკის ინ-ტი.
9 (RLIN) 13901
942 ## - ADDED ENTRY ELEMENTS (KOHA)
Source of classification or shelving scheme
Koha item type წიგნი
ეგზემპლარები
ჩამოწერის სტატუსი დაკარგული ეგზემპლარის სტატუსი კლასიფიკაციის წყარო ან თაროზე გაწყობის სქემა დაზიანების სტატუსი არ გაიცემა მუდმივი მდებარეობა (დაცვის ადგილი) ამჟამინდელი ადგილსამყოფელი თაროზე განთავსების ადგილი შეძენის თარიღი ღირებულება, შესყიდვის ნორმალური ფასი სრული შენახვის შიფრი შტრიხკოდი ბოლო ოპერაციის თარიღი ეგზემპლარის მიმდევრობითი ნომერი (კეტერი?) ფასის ძალაში შესვლის თარიღი ეგზემპლარის სახეობა საჯარო შენიშვნა
          ბათუმის შოთა რუსთაველის სახელმწიფო უნივერსიტეტის მთავარი ბიბლიოთეკა ბათუმის შოთა რუსთაველის სახელმწიფო უნივერსიტეტის მთავარი ბიბლიოთეკა წიგნსაცავი 2022-05-31 6.00 37(37) გ-20 62488 2022-05-31 62488 2022-05-31 წიგნი 6 ლ.
          ბათუმის შოთა რუსთაველის სახელმწიფო უნივერსიტეტის მთავარი ბიბლიოთეკა ბათუმის შოთა რუსთაველის სახელმწიფო უნივერსიტეტის მთავარი ბიბლიოთეკა წიგნსაცავი 2022-05-31 6.00 37(37) გ-20 62489 2022-05-31 62489 2022-05-31 წიგნი 6 ლ.